Local Government Areas (LGAs) of WA with a map - Statistics

General Stats
  • This quiz has been taken 11 times
  • The average score is 41 of 139
Answers on the Map
Answers color-coded by a green-red scale on the quiz's map according to % correct below.
 
Answer Stats
Answer % Correct
LGA Perth
100%
LGA Fremantle
70%
LGA Rockingham
70%
LGA Albany
60%
LGA Canning
60%
LGA Kalgoorlie–Boulder
60%
LGA Melville
60%
LGA Northam
60%
LGA South Perth
60%
LGA Swan
60%
LGA Victoria Park
60%
LGA Armadale
50%
LGA Bassendean
50%
LGA Bayswater
50%
LGA Broome
50%
LGA Bunbury
50%
LGA Christmas Island
50%
LGA Cockburn
50%
LGA Coolgardie
50%
LGA Cottesloe
50%
LGA Derby–West Kimberley
50%
LGA Esperance
50%
LGA Greater Geraldton
50%
LGA Kwinana
50%
LGA Mundaring
50%
LGA Nedlands
50%
LGA Peppermint Grove
50%
LGA Serpentine–Jarrahdale
50%
LGA Stirling
50%
LGA Subiaco
50%
LGA Wanneroo
50%
LGA York
50%
LGA Augusta–Margaret River
40%
LGA Belmont
40%
LGA Busselton
40%
LGA Cambridge
40%
LGA Claremont
40%
LGA Cocos (Keeling) Islands
40%
LGA East Fremantle
40%
LGA East Pilbara
40%
LGA Gosnells
40%
LGA Harvey
40%
LGA Joondalup
40%
LGA Kalamunda
40%
LGA Mandurah
40%
LGA Merredin
40%
LGA Murray
40%
LGA Narrogin
40%
LGA Northampton
40%
LGA Port Hedland
40%
LGA Waroona
40%
LGA Wyndham East Kimberley
40%
LGA Beverley
30%
LGA Brookton
30%
LGA Carnarvon
30%
LGA Chittering
30%
LGA Collie
30%
LGA Denmark
30%
LGA Donnybrook–Balingup
30%
LGA Exmouth
30%
LGA Gingin
30%
LGA Halls Creek
30%
LGA Irwin
30%
LGA Karratha
30%
LGA Meekatharra
30%
LGA Mosman Park
30%
LGA Mount Magnet
30%
LGA Murchison
30%
LGA Plantagenet
30%
LGA Ravensthorpe
30%
LGA Shark Bay
30%
LGA Toodyay
30%
LGA Vincent
30%
LGA Wiluna
30%
LGA Ashburton
20%
LGA Boddington
20%
LGA Bridgetown–Greenbushes
20%
LGA Capel
20%
LGA Coorow
20%
LGA Cranbrook
20%
LGA Cuballing
20%
LGA Cunderdin
20%
LGA Dardanup
20%
LGA Dundas
20%
LGA Kellerberrin
20%
LGA Laverton
20%
LGA Leonora
20%
LGA Manjimup
20%
LGA Menzies
20%
LGA Moora
20%
LGA Mukinbudin
20%
LGA Nannup
20%
LGA Pingelly
20%
LGA Sandstone
20%
LGA Tammin
20%
LGA Upper Gascoyne
20%
LGA Wagin
20%
LGA Wongan–Ballidu
20%
LGA Boyup Brook
10%
LGA Broomehill–Tambellup
10%
LGA Bruce Rock
10%
LGA Carnamah
10%
LGA Chapman Valley
10%
LGA Corrigin
10%
LGA Cue
10%
LGA Dalwallinu
10%
LGA Dandaragan
10%
LGA Dowerin
10%
LGA Dumbleyung
10%
LGA Gnowangerup
10%
LGA Goomalling
10%
LGA Jerramungup
10%
LGA Katanning
10%
LGA Kent
10%
LGA Kojonup
10%
LGA Kondinin
10%
LGA Koorda
10%
LGA Kulin
10%
LGA Lake Grace
10%
LGA Mingenew
10%
LGA Morawa
10%
LGA Mount Marshall
10%
LGA Narembeen
10%
LGA Ngaanyatjarraku
10%
LGA Nungarin
10%
LGA Perenjori
10%
LGA Quairading
10%
LGA Three Springs
10%
LGA Trayning
10%
LGA Victoria Plains
10%
LGA Wandering
10%
LGA West Arthur
10%
LGA Westonia
10%
LGA Wickepin
10%
LGA Williams
10%
LGA Woodanilling
10%
LGA Wyalkatchem
10%
LGA Yalgoo
10%
LGA Yilgarn
10%
No matching quizzes found
Score Distribution
Percent of People with Each Score
Percentile by Number Answered
Your Score History
You have not taken this quiz